000 00556nam a2200181 4500
001 14280
005 20230410101949.0
008 060907n1990 dr spa
035 _9funglode14402
041 _aES
050 1 4 _a118 F 1938.58 P419p 1990
100 _aPeña Gómez, José Francisco
245 1 _aPor la conquista de la democracia :
_b1974-agosto 15 de 1978 /
_cJosé Francisco Peña Gómez
260 _a[Santo Domingo] :
_b[s.n.],
_c1990
300 _a3 v.
440 _aColección Pensamiento Político, t.5-7
942 _2lcc
_cbk
999 _c16523
_d16523